Capitale européenne par édifice religieux n°1 - Statistiques

Statistiques générales
  • Ce quiz a été pris 29 fois
  • Le résultat moyen est 5 sur 15
Statistiques - réponses
Par images Réponse % Correct
Berliner Dom, Berlin
74%
Monastère Laure des Grottes, Kiev
63%
Basilique Saint-Jean de Latran, Rome
56%
Cathédrale de la Almudena, Madrid
48%
Cathédrale Saint-Etienne, Vienne
48%
Monastère des Hiéronymites, Lisbonne
41%
Basilique Saint-Nicolas, Amsterdam
33%
Cathédrale Saint-Anschaire, Copenhague
30%
Cathédrale patriarcale, Bucarest
22%
Cathédrale de la Nativité, Riga
15%
Cathédrale de la Nativité, Chisinau
11%
Co-cathédrale Saint-Jean, La Valette
11%
Cathédrale de Zagreb, Zagreb
4%
Cathédrale Saint-Clément d'Ohrid, Skopje
4%
Cathédrale Saint-Anne, Belfast
0%
Aucun quiz correspondant
Distribution des résultats
% des personnes avec chaque résultat
Percentile par nombre de réponses
Votre historique - résultats
Vous n’avez pas pris ce quiz